000 00866nam a2200241Ia 4500
003 GCL
008 140319s9999 xx 000 0 ara d
040 _aGCL /
_cGCL
082 0 4 _aم
_b210
_bم م
100 1 _aمحمد الزجيلى
245 1 0 _aمرجع العلوم الاسلامية: تعريفها - تاريخها - أئمتها - علمائها - مصادرها - كتبها /
_cمحمد الزجيلى
260 _a[S.N] :
_bدار المعرفة
300 _a802 ص
490 _aدراسة فى ازمة الخليج
_v0
650 0 4 _aالاسلام والعلم
650 0 4 _aالعلوم عند العرب
650 0 4 _aالعلماء المسلمون
650 0 4 _aالعلماء العرب
650 0 4 _aالفقه الاسلامى - علم
650 0 4 _aعلم الحديث
650 0 4 _aالقران - علوم
942 _2ddc
_cREF
999 _c59407
_d59407